Овощеводство : (Record no. 238820)
[ view plain ]
| 000 -LEADER | |
|---|---|
| fixed length control field | 01077nam a2200253 u 4500 |
| 001 - CONTROL NUMBER | |
| control field | 000657069 |
| 003 - CONTROL NUMBER IDENTIFIER | |
| control field | AM-YeHGA |
| 005 - DATE AND TIME OF LATEST TRANSACTION | |
| control field | 20250617141436.0 |
| 008 - FIXED-LENGTH DATA ELEMENTS--GENERAL INFORMATION | |
| fixed length control field | 090511s1985 ||||||||||||||||||||rus|c |
| 040 ## - CATALOGING SOURCE | |
| Original cataloging agency | AM-YeHGA |
| 041 0# - LANGUAGE CODE | |
| Language code of text/sound track or separate title | rus |
| 090 ## - LOCALLY ASSIGNED LC-TYPE CALL NUMBER (OCLC); LOCAL CALL NUMBER (RLIN) | |
| -- | 240395 |
| 100 1# - MAIN ENTRY--PERSONAL NAME | |
| Personal name | Матвеев, Владислав Павлович |
| 245 10 - TITLE STATEMENT | |
| Title | Овощеводство : |
| Remainder of title | Учебник / |
| Statement of responsibility, etc. | В.П. Матвеев, М.И. Рубцов ; Ред. Л.М. Нефедова. |
| 250 ## - EDITION STATEMENT | |
| Edition statement | 3-е изд., перераб. и доп. |
| 260 ## - PUBLICATION, DISTRIBUTION, ETC. | |
| Place of publication, distribution, etc. | Москва : |
| Name of publisher, distributor, etc. | Агропромиздат, |
| Date of publication, distribution, etc. | 1985. |
| 300 ## - PHYSICAL DESCRIPTION | |
| Extent | 432 с. : |
| Other physical details | рис., схем., табл. ; |
| Dimensions | 22 см. |
| 440 #0 - SERIES STATEMENT/ADDED ENTRY--TITLE | |
| Title | Учебники и учебные пособия для высших сельскохозйственных учебных заведений |
| 500 ## - GENERAL NOTE | |
| General note | Предм. и тем. указ. : с. 419-428 |
| 504 ## - BIBLIOGRAPHY, ETC. NOTE | |
| Bibliography, etc. note | Указ. лит. : с. 417-418 |
| 650 14 - SUBJECT ADDED ENTRY--TOPICAL TERM | |
| Topical term or geographic name entry element | Овощеводство |
| 700 1# - ADDED ENTRY--PERSONAL NAME | |
| Personal name | Рубцов, Михаил Иванович |
| 700 1# - ADDED ENTRY--PERSONAL NAME | |
| Personal name | Нефедова, Л.М. |
| Relator term | ред. |
| Relationship | edt |
| Withdrawn status | Lost status | Damaged status | Not for loan | Collection | Home library | Current library | Date acquired | Total checkouts | Full call number | Barcode | Date last seen | Price effective from | Koha item type | Public note |
|---|---|---|---|---|---|---|---|---|---|---|---|---|---|---|
| General | Fundamental Scientific Library | Fundamental Scientific Library | 29/12/2016 | PII/539995 | FL0157143 | 29/12/2016 | 29/12/2016 | Գրքեր / Books | 30 Days Loan |
ՀՀ Գիտությունների ազգային ակադեմիայի հիմնարար գիտական գրադարան = Fundamental Scientific Library of NAS RA
All site content, except where otherwise noted, is licensed under a